| 000 | 00699nam a2200193Ia 4500 | ||
|---|---|---|---|
| 003 | LDD | ||
| 008 | 190117s9999 xx 000 0 und d | ||
| 020 |
_a8189562185 _c₹250 |
||
| 040 | _cLDD | ||
| 041 | _ahi | ||
| 082 | _a8H3.6 प्रे59222मुं | ||
| 100 | _aझारी, विजयदेव | ||
| 245 | 0 |
_aमुंशी प्रेमचंद की उर्दू कहानियां _cविजयदेव झारी |
|
| 260 |
_aनई दिल्ली _bहिन्दी साहित्य _c2011 |
||
| 300 | _a137पृ. | ||
| 901 | _aAAKAR | ||
| 904 | _aReqst by : J. M. Parakh | ||
| 942 |
_2ddc _cH |
||
| 999 |
_c159780 _d159780 |
||